<?xml version="1.0" encoding="UTF-8"?>
<collection xmlns:xsi="http://www.w3.org/2001/XMLSchema-instance" xsi:schemaLocation="http://www.loc.gov/MARC21/slim http://www.loc.gov/standards/marcxml/schema/MARC21slim.xsd" xmlns="http://www.loc.gov/MARC21/slim">
 <record>
  <leader>00000ctm a22000004a 4500</leader>
  <controlfield tag="001">UP-99796217608930625</controlfield>
  <controlfield tag="003">Buklod</controlfield>
  <controlfield tag="005">20090725130639.0</controlfield>
  <controlfield tag="006">a     r    |||| u|</controlfield>
  <controlfield tag="007">ta</controlfield>
  <controlfield tag="008">090725s2008    xx     d     r    |||| u|</controlfield>
  <datafield tag="035" ind1=" " ind2=" ">
   <subfield code="a">(iLib)UPD-00106798465</subfield>
  </datafield>
  <datafield tag="040" ind1=" " ind2=" ">
   <subfield code="a">DEDUC</subfield>
  </datafield>
  <datafield tag="041" ind1=" " ind2=" ">
   <subfield code="a">eng</subfield>
  </datafield>
  <datafield tag="042" ind1=" " ind2=" ">
   <subfield code="a">DMLUC</subfield>
  </datafield>
  <datafield tag="090" ind1=" " ind2=" ">
   <subfield code="a">LG 996 2008 E33</subfield>
   <subfield code="b">C53</subfield>
  </datafield>
  <datafield tag="100" ind1="1" ind2=" ">
   <subfield code="a">Clarete, Maria Nerissa L. Virtusio</subfield>
  </datafield>
  <datafield tag="245" ind1="1" ind2="0">
   <subfield code="a">Perfectionalism</subfield>
   <subfield code="b">its relations to family, personal, school, and learning variables among Filipino adolescents</subfield>
   <subfield code="c">Maria Nerissa L. Virtusio-Clarete.</subfield>
  </datafield>
  <datafield tag="264" ind1=" " ind2="1">
   <subfield code="c">2008.</subfield>
  </datafield>
  <datafield tag="300" ind1=" " ind2=" ">
   <subfield code="a">xii, 169 leaves</subfield>
  </datafield>
  <datafield tag="502" ind1=" " ind2=" ">
   <subfield code="a">Thesis (Ph.D. Educational Psychology)--University of the Philippines, Diliman.</subfield>
  </datafield>
  <datafield tag="520" ind1=" " ind2=" ">
   <subfield code="a">This two-phase, sequential mixed methods study (qualitative and quantitative) was based on the conceptual framework that 3 categories of factors (family, personal, school) would be linked to the onset of perfectionism and that perfectionism in turn, would be associated with learning outcomes. The main objective was to determine the relationship between perfectionism scores        and the following variables: parents' educational attainment, parents' occupation, family income, birth order, gender, mental ability scores, school type, and general average grade. The samples were 52 male and female perfectionist students. Perfectionism was measured by the Frost Multidimensional Perfectionism Scale; mental ability by the Otis-Lennon School Ability Test; and family, personal, and school variables by the researcher-made questionnaire. The results implied that perfectionist        students should be given support featuring encouragement. assistance, and attempts at cognitive restructuring, i.e., viewing mistakes as normal features of the learning process.</subfield>
  </datafield>
  <datafield tag="650" ind1=" " ind2="0">
   <subfield code="a">Perfectionism (Personality trait)</subfield>
   <subfield code="z">Philippines.</subfield>
  </datafield>
  <datafield tag="650" ind1=" " ind2="0">
   <subfield code="a">Perfection.</subfield>
  </datafield>
  <datafield tag="650" ind1=" " ind2="0">
   <subfield code="a">High school students</subfield>
   <subfield code="z">Philippines</subfield>
   <subfield code="z">Quezon City</subfield>
   <subfield code="x">Pscyhology.</subfield>
  </datafield>
  <datafield tag="650" ind1=" " ind2="0">
   <subfield code="a">Academic achievement</subfield>
   <subfield code="z">Philippines</subfield>
   <subfield code="z">Quezon City.</subfield>
  </datafield>
  <datafield tag="650" ind1=" " ind2="0">
   <subfield code="a">Parent and teenager</subfield>
   <subfield code="z">Philippines</subfield>
   <subfield code="z">Quezon City.</subfield>
  </datafield>
  <datafield tag="905" ind1=" " ind2=" ">
   <subfield code="a">FI</subfield>
  </datafield>
  <datafield tag="905" ind1=" " ind2=" ">
   <subfield code="a">UP</subfield>
  </datafield>
  <datafield tag="852" ind1="0" ind2=" ">
   <subfield code="a">UPD</subfield>
   <subfield code="b">DARCHIVES</subfield>
   <subfield code="h">LG 996 2008 E33</subfield>
   <subfield code="i">C53</subfield>
  </datafield>
  <datafield tag="852" ind1="0" ind2=" ">
   <subfield code="a">UPD</subfield>
   <subfield code="b">DEDUC</subfield>
   <subfield code="h">LG 996 2008 E33 C53</subfield>
  </datafield>
  <datafield tag="852" ind1="0" ind2=" ">
   <subfield code="a">UPD</subfield>
   <subfield code="b">DSOLAIR</subfield>
   <subfield code="h">LG 996 2008 E33</subfield>
   <subfield code="i">C53</subfield>
  </datafield>
  <datafield tag="942" ind1=" " ind2=" ">
   <subfield code="a">Thesis</subfield>
  </datafield>
 </record>
</collection>
